| 000 | 01086nam a22002297a 4500 | ||
|---|---|---|---|
| 003 | OSt | ||
| 005 | 20260122200430.0 | ||
| 008 | 230606b ||||| |||| 00| 0 eng d | ||
| 040 | _cSSBUL | ||
| 041 | _ashan | ||
| 082 |
_223 _a959.195919 |
||
| 100 | 0 |
_aသၢင်ႇဢၢႆႈ၊ _cၸၢႆး။ _925278 |
|
| 245 | 1 | 0 |
_aၶိူဝ်းႁိူၼ်းသိူဝ်လႄႈ ၶမ်းတီႈ တႆးလႅင် - ဆိုမိသားစုနှင့် ခမ်းတီတိုင်းလိုင် - _bၵိုၵ်းပႃးပုၵ်ႉပုမ်ႇၶိူဝ်းတႆး / _cၸၢႆးသၢင်ႇဢၢႆႈ။ |
| 260 |
_aတႃႈၵုင်ႈ၊ _bမွၵ်ႇၵူႇသွႆႈလႅင်၊ _c1998 ။ |
||
| 300 |
_a481 ၊ 60 ၼႃႈ၊ _c18 ၸိၼ်ႇတီႇ။ |
||
| 500 | _aS-SAT: Dr. Prof Sai Aung Tun | ||
| 500 | _aတႆး - မၢၼ်ႈ သွင်ၽႃႇသႃႇ | ||
| 650 |
_aပိုၼ်းတႆး - တႆးလႅင် _925279 |
||
| 942 | _cBK | ||
| 942 | _2ddc | ||
| 942 | _2ddc | ||
| 999 |
_c25306 _d25306 |
||